|
|
|
|
| LEADER |
00000cam a22000002c 4500 |
| 001 |
1183358938 |
| 003 |
DE-627 |
| 005 |
20260206194929.0 |
| 007 |
tu |
| 008 |
040913s2004 xx ||||| 00| ||ger c |
| 035 |
|
|
|a (DE-627)1183358938
|
| 035 |
|
|
|a (DE-603)130996912
|
| 035 |
|
|
|a (DE-576)113358938
|
| 035 |
|
|
|a (DE-599)BSZ113358938
|
| 035 |
|
|
|a (OCoLC)179763451
|
| 040 |
|
|
|a DE-627
|b ger
|c DE-627
|e rakwb
|
| 041 |
|
|
|a ger
|
| 084 |
|
|
|a PH 4820
|2 rvk
|0 (DE-625)rvk/136152:
|
| 100 |
1 |
|
|a Kröniger, Silke
|4 aut
|
| 245 |
1 |
0 |
|a "Neue" Formen der Zusammenarbeit zwischen Polizei und Staatsanwaltschaft
|b Forschungsbericht zur bundesweiten empirischen Bestandsanalyse
|c Silke Kröniger
|
| 264 |
|
1 |
|a Wiesbaden
|b KrimZ
|c 2004
|
| 300 |
|
|
|a 86 S.
|b graph. Darst.
|
| 336 |
|
|
|a Text
|b txt
|2 rdacontent
|
| 337 |
|
|
|a ohne Hilfsmittel zu benutzen
|b n
|2 rdamedia
|
| 338 |
|
|
|a Band
|b nc
|2 rdacarrier
|
| 505 |
8 |
|
|a Literaturverz. S. 44 - 46
|
| 505 |
8 |
|
|a Literaturverz. S. 44 - 46
|
| 583 |
1 |
|
|a Archivierung prüfen
|c 20200919
|f DE-640
|z 3
|2 pdager
|
| 935 |
|
|
|h HEB
|i 0501
|
| 935 |
|
|
|h HEB
|i 0503
|
| 936 |
r |
v |
|a PH 4820
|b Richter, Staatsanwaltschaft, Polizei
|k Rechtswissenschaft
|k Strafrecht, Strafverfahrensrecht, Kriminologie
|k Strafverfahrensrecht
|k Rechtsstellung der Verfahrensbeteiligten
|k Richter, Staatsanwaltschaft, Polizei
|0 (DE-627)127167498X
|0 (DE-625)rvk/136152:
|0 (DE-576)20167498X
|
| 936 |
s |
n |
|a p100
|2 mzub
|
| 951 |
|
|
|a BO
|
| ELC |
|
|
|b 1
|
| LOK |
|
|
|0 000 xxxxxcx a22 zn 4500
|
| LOK |
|
|
|0 001 2558552104
|
| LOK |
|
|
|0 003 DE-627
|
| LOK |
|
|
|0 004 1183358938
|
| LOK |
|
|
|0 005 20071213115609
|
| LOK |
|
|
|0 008 071213||||||||||||||||ger|||||||
|
| LOK |
|
|
|0 040
|a DE-21-110
|c DE-627
|d DE-21-110
|
| LOK |
|
|
|0 541
|e 07/369
|
| LOK |
|
|
|0 689
|a s
|a Kooperation
|
| LOK |
|
|
|0 689
|a s
|a Polizei
|
| LOK |
|
|
|0 689
|a s
|a Staatsanwaltschaft
|
| LOK |
|
|
|0 689
|a s
|a Befragung
|
| LOK |
|
|
|0 689
|a s
|a Bewertung
|
| LOK |
|
|
|0 852
|a DE-21-110
|
| LOK |
|
|
|0 852 1
|c J III 315
|m p
|9 00
|
| LOK |
|
|
|0 936ln
|a 4.5.1.4
|
| LOK |
|
|
|0 938
|k p
|
| LOK |
|
|
|0 939
|a 13-12-07
|b l01
|
| ORI |
|
|
|a SA-MARC-krimdoka001.raw
|
| SIG |
|
|
|a IFK: J III 315
|